Statistics for Actors who have played multiple comic book characters #2

Click here to take the quiz!

General Stats

  • This quiz has been taken 30 times
  • The average score is 8 of 19

Answer Stats

ActorCharacter% Correct
Ryan ReynoldsGreen Lantern
100%
Deadpool
96%
Nicholas CageGhost Rider
92%
Two-Face
77%
Green Arrow
73%
Hancock
58%
Deadshot
58%
Will SmithAgent J
58%
Tommy Lee JonesAgent K
50%
Jeffrey Dean MorganComedian
38%
Laurence FishburePerry White
35%
Negan
23%
Stephen AmellCasey Jones
23%
Big Daddy
19%
Silver Surfer
15%
Chester Philips
12%
Hannibal King
12%
Franklin Clay
0%
Nick Walker
0%

Score Distribution

Percentile by Number Answered

Percent of People with Each Score

Your Score History

You have not taken this quiz